000
00321nam a22001337a 4500
008
170825b xxu||||| |||| 00| 0 eng d
020
_a
9780077889319
041
_a
eng
080
_2
7 ED
_a
070
100
_a
39
101
_a
MED
245
_a
TOGETHER WE ARE COMMUNICANTING IN GROUP
_c
ADAMS.K
942
_2
udc
_c
BK
999
_c
25027
_d
25027